| 000 | 00748nam a2200217Ia 4500 | ||
|---|---|---|---|
| 999 |
_c39978 _d39978 |
||
| 001 | 6584 | ||
| 003 | GE_BSU | ||
| 005 | 20191206173741.0 | ||
| 008 | 181216s2003||||ge |||||||||||||| ||geo|| | ||
| 020 | _a9992857694 | ||
| 040 | _cGE_BSU | ||
| 041 | _ageo | ||
| 080 | _a821.353.1-1 ჯ-18 | ||
| 100 |
_aჯალაღონია, ნოდარ _95712 |
||
| 245 |
_aქალი,რომელიც გიყვარს : _bლექსები სიყვარულზე / _cნოდარ ჯალაღონია. |
||
| 264 |
_aთბილისი, _c2003. |
||
| 300 |
_a31 გვ. ; _b20 სმ. |
||
| 653 | _aმხატვრული ლიტერატურა | ||
| 653 | _aლექსები | ||
| 942 |
_cBK _2udc |
||